| 000 | 00647nam a2200241Ia 4500 | ||
|---|---|---|---|
| 003 | OSt | ||
| 005 | 20221007110419.0 | ||
| 006 | a|||||r|||| 00| 0 | ||
| 007 | ta | ||
| 008 | 221006b |||||||| |||| 00| 0 eng d | ||
| 024 | _a21,100 | ||
| 037 | _cTextual | ||
| 040 |
_aLCO _cLCO _beng |
||
| 041 |
_2eng _aeng |
||
| 082 | _aY58:(Z1), M5 | ||
| 100 | _aChandra Satish Ed. | ||
| 245 | 0 | _aMinorities in National and International Laws | |
| 260 |
_aNew _bDelhi Deep & Deep Publications India _c1985 |
||
| 300 | _a376 | ||
| 650 | _aMINORITIES | ||
| 942 |
_hY58:(Z1), M5 _cTEXL |
||
| 999 |
_c1190663 _d1190663 |
||